IRIS Recognition / (Record no. 188985)
[ view plain ]
| 000 -LEADER | |
|---|---|
| fixed length control field | 00758 a2200193 4500 |
| 003 - CONTROL NUMBER IDENTIFIER | |
| control field | NUST |
| 005 - DATE AND TIME OF LATEST TRANSACTION | |
| control field | 20251124132030.0 |
| 040 ## - CATALOGING SOURCE | |
| Transcribing agency | Nust |
| 082 ## - DEWEY DECIMAL CLASSIFICATION NUMBER | |
| Classification number | 621.382,JAB |
| 100 ## - MAIN ENTRY--PERSONAL NAME | |
| Personal name | Jabbar, GC Abdul ( TCC-19 ) |
| 9 (RLIN) | 132024 |
| 245 ## - TITLE STATEMENT | |
| Title | IRIS Recognition / |
| Statement of responsibility, etc. | GC Abdul Jabbar, Sgt Masood Bin and GC Muhammad Haris |
| 260 ## - PUBLICATION, DISTRIBUTION, ETC. | |
| Place of publication, distribution, etc. | Rawalpindi |
| Name of publisher, distributor, etc. | MCS (NUST) |
| Date of publication, distribution, etc. | August 2011 |
| 300 ## - PHYSICAL DESCRIPTION | |
| Extent | x, 58 p.; |
| 505 ## - FORMATTED CONTENTS NOTE | |
| Formatted contents note | Motivation Behind Biometrics (Page-1), Basic of Image Processing (Page-9), IRIS Localization (Page-14), IRIS Normalization (Page-23),Encoding (Page-28), IRIS Template (Page-30), Project Result Analysis (Page-34). |
| 650 ## - SUBJECT ADDED ENTRY--TOPICAL TERM | |
| Topical term or geographic name entry element | UG Projects |
| 9 (RLIN) | 98716 |
| 651 ## - SUBJECT ADDED ENTRY--GEOGRAPHIC NAME | |
| Geographic name | TCC-19 |
| 9 (RLIN) | 106901 |
| 700 ## - ADDED ENTRY--PERSONAL NAME | |
| Personal name | Supervised by Dr. Adil Masood Sidiquei |
| 9 (RLIN) | 132025 |
| 942 ## - ADDED ENTRY ELEMENTS (KOHA) | |
| Koha item type | Project Report |
| Source of classification or shelving scheme | |
| Withdrawn status | Lost status | Source of classification or shelving scheme | Damaged status | Not for loan | Permanent Location | Current Location | Shelving location | Date acquired | Full call number | Barcode | Date last seen | Price effective from | Koha item type | Public note |
|---|---|---|---|---|---|---|---|---|---|---|---|---|---|---|
| Military College of Signals (MCS) | Military College of Signals (MCS) | Reference | 12/12/2016 | 621.382,JAB | MCSPTC-124 | 12/08/2016 | 12/12/2016 | Project Report | Almirah No. 94, Shelf No. 3 |
